| 000 | 00986nac a22002891u 4500 | ||
|---|---|---|---|
| 003 | EG-ScBUE | ||
| 005 | 20220519135823.0 | ||
| 008 | 100114r20102007enk f 000 0 eng d | ||
| 020 | _a9780194317450 | ||
| 040 |
_aEG-ScBUE _beng _erda _cEG-ScBUE _dEG-ScBUE |
||
| 082 | 0 | 4 |
_a428.24 _bREA _222 |
| 245 | 0 | 0 | _aReally learn 100 more phrasal verbs. |
| 246 | 3 | _aReally learn one hundred more phrasal verbs. | |
| 250 | _aReprinted edition. | ||
| 264 | 1 |
_aOxford : _bOxford University Press, _c2010. |
|
| 300 |
_a110 pages ; _c23 cm |
||
| 336 |
_2rdacontent _atext _btxt |
||
| 337 |
_2rdamedia _aunmediated _bn |
||
| 338 |
_2rdacarrier _avolume _bnc |
||
| 650 | 7 |
_aEnglish language _vTextbooks for foreign speakers. _910316 _2BUEsh |
|
| 650 | 7 |
_aEnglish language _vVerb phrase _xProblems, exercises, etc. _910317 _2BUEsh |
|
| 650 | 7 |
_910318 _aEnglish language _xStudy and teaching. _2BUEsh |
|
| 651 | _2BUEsh | ||
| 653 | _bHHUUEENN | ||
| 655 |
_vReading book _934232 |
||
| 942 |
_cBB _k428.24 PHR _2ddc |
||
| 999 |
_c9193 _d9193 |
||